000 00586nam a2200205 a 4500
005 20140310183246.0
008 040830s19uu xx 00 eng d
020 _a0781748879
050 _aRT 41
_b.Il44 2002
245 _aIllustrated manual of nursing practice/.
250 _a3rd ed.
260 _aPhiladelphia :
_bLippincott Williams & Wilkins,
_c2002.
300 _a1490 p. :
_bill. ;
_c26 cm.
500 _aIncludes bibliograhical references & index.
521 _aNUR
650 _aNursing Care.
650 _aNursing Practice.
942 _cBK
_2lcc
_kLOC
999 _c20688
_d20688